| 000 | 01171nam a22003017a 4500 | ||
|---|---|---|---|
| 001 | 5852 | ||
| 003 | FISKH | ||
| 005 | 20250124151008.0 | ||
| 008 | 250124b cb ||||| |||| 00| 0 eng d | ||
| 020 | _a9780789429667 | ||
| 040 |
_aFISKH _beng _cFISKH _dFISKH |
||
| 050 | _aQB46.B39 | ||
| 082 | _a523 | ||
| 100 | _aBecklake, Sue | ||
| 245 |
_aSpace, stars, planets and spacecraft / _cWritten by Sue Becklake : Illustrated by Brian Delf and Luciano Corbella |
||
| 260 |
_aNew York : _bDK Publishing , _c1988. |
||
| 300 |
_a64 pages : _bcolor illustrations ; _c28 cm . |
||
| 490 | _aSee and Explore | ||
| 505 | _aZ | ||
| 520 | _aDiscover everything you need to know about space with this brilliant book! One hundred facts, fantastic illustrations and hilarious cartoons give you the inside story on the many wonders of the world, while fun quizzes test your knowledge. So what are you waiting for? Get reading! . | ||
| 521 | 8 |
_a1030
_bLexile |
|
| 521 | 8 |
_aZ
_bRaz-Plus |
|
| 650 |
_aastronomy _vnon-fiction |
||
| 700 |
_aDelf, Brian _eillustrator |
||
| 700 |
_dCorbella, Luciano _eillustrator |
||
| 942 |
_2ddc _cBK _n0 |
||
| 999 |
_c5852 _d5852 |
||